Online
Catalog

Horae Paulinae : (Record no. 1244)

MARC details
000 -CABECERA
campo de control de longitud fija 00846cam a2200193 a 4500
001 - NÚMERO DE CONTROL
campo de control 000001306
005 - FECHA Y HORA DE LA ÚLTIMA TRANSACCIÓN
campo de control 20200929145534.0
008 - DATOS DE LONGITUD FIJA--INFORMACIÓN GENERAL
campo de control de longitud fija 901031s1790 000 0 spa
040 ## - FUENTE DE LA CATALOGACIÓN
Centro catalogador/agencia de origen DO-SdBNP
Lengua de catalogación spa
Centro/agencia transcriptor BNPHU
082 ## - NÚMERO DE LA CLASIFICACIÓN DECIMAL DEWEY
Número de clasificación 227
Número de documento/Ítem P158h
100 1# - ENTRADA PRINCIPAL--NOMBRE DE PERSONA
Nombre de persona Paley, Guillermo,
Fechas asociadas al nombre 1743-1805.
9 (RLIN) 4417
245 10 - MENCIÓN DE TÍTULO
Título Horae Paulinae :
Resto del título o la verdad de la historia de la escritura de San Pablo probada; una comparación de las epístolas que llevan su nombre con los hechos de los apóstoles y de unas con otras /
Mención de responsabilidad, etc. Traducido por Sara A. Hale.
260 ## - PUBLICACIÓN, DISTRIBUCIÓN, ETC.
Lugar de publicación, distribución, etc. [s.l. :
Nombre del editor, distribuidor, etc. s.n.,
Fecha de publicación, distribución, etc. 1790].
300 ## - DESCRIPCIÓN FÍSICA
Extensión 258 p. ;
Dimensiones 20 cm.
650 #4 - PUNTO DE ACCESO ADICIONAL DE MATERIA--TÉRMINO DE MATERIA
Término de materia o nombre geográfico como elemento de entrada Biblia
Subdivisión general N.t.
Subdivisión de forma EPÍSTOLAS DE SAN PABLO
Subdivisión general Crítica, interpretación, etc
9 (RLIN) 4418
650 #4 - PUNTO DE ACCESO ADICIONAL DE MATERIA--TÉRMINO DE MATERIA
Término de materia o nombre geográfico como elemento de entrada Biblia
Subdivisión general N.t.
Subdivisión de forma HECHOS DE LOS APÓSTOLES
Subdivisión general Crítica, interpretación, etc
9 (RLIN) 4419
650 #4 - PUNTO DE ACCESO ADICIONAL DE MATERIA--TÉRMINO DE MATERIA
Término de materia o nombre geográfico como elemento de entrada Apologética
9 (RLIN) 4420
700 1# - PUNTO DE ACCESO ADICIONAL--NOMBRE DE PERSONA
Nombre de persona Hale, Sara A.,
Término indicativo de función/relación tr.
9 (RLIN) 4421
Holdings
Estado de retiro Estado de pérdida Restricciones de uso No para préstamo Código de colección Localización permanente Ubicación/localización actual Ubicación en estantería Fecha de adquisición Número de inventario Total de préstamos Signatura topográfica completa Código de barras Fecha visto por última vez Precio válido a partir de Tipo de ítem Koha
    Préstamo interno   Monografías: Libros y Folletos General General Depósito 23.06.2009 LF1   227 P158h 1306-10 25.06.2020 25.06.2020 Préstamo interno

Powered by Koha